Sports Quiz

Random Sports or World Cup Quiz

2010 World Cup Squad (US) Quiz Stats

 Plays Quiz Updated May 24, 2019

Score 0/23 Timer 06:00
2 Plays Today
Position Player % Correct
GoalkeeperTim Howard
92.8%
MidfielderLandon Donovan
91.9%
MidfielderClint Dempsey
81%
StrikerJozy Altidore
74.4%
MidfielderMichael Bradley
63.1%
DefenderCarlos Bocanegra
55.2%
DefenderOguchi Onyewu
53.7%
StrikerHerculez Gomez
41.4%
StrikerEdson Buddle
40.5%
MidfielderDaMarcus Beasley
39.2%
MidfielderMaurice Edu
38.1%
StrikerRobbie Findley
37.6%
Position Player % Correct
DefenderJay DeMerit
37%
GoalkeeperBrad Guzan
36.3%
DefenderSteve Cherundolo
34.6%
MidfielderRicardo Clark
31%
DefenderJonathan Spector
26.5%
MidfielderStuart Holden
25.9%
MidfielderJose Torres
25.5%
DefenderJonathan Bornstein
24.5%
MidfielderBenny Feilhaber
21.6%
GoalkeeperMarcus Hahnemann
21%
DefenderClarence Goodson
15.4%

You're not logged in!

Compare scores with friends on all Sporcle quizzes.
OR
Log In

Sporcle TV

Today on Sporcle TV


Watch our educational content, quiz creation guides, and fun videos on Sporcle TV.

Show Comments

Extras

Top Quizzes Today


Score Distribution

Your Account Isn't Verified!

In order to create a playlist on Sporcle, you need to verify the email address you used during registration. Go to your Sporcle Settings to finish the process.

Report this User

Report this user for behavior that violates our Community Guidelines.

Details: